|
|
|
|
| LEADER |
01485nam a2200313 a 4500 |
| 001 |
1212822 |
| 003 |
BD-DhAAL |
| 005 |
20260106142817.0 |
| 008 |
090701r2001993ii a j 000 1 eng d |
| 010 |
|
|
|a 99018975
|
| 020 |
|
|
|a 0706998197
|
| 040 |
|
|
|a DLC
|c DLC
|d BD-DhAAL
|
| 082 |
|
|
|a 813/.0876
|2 21
|
| 100 |
1 |
|
|a Carroll, Lewis,
|d 1832-1898.
|9 16153
|
| 245 |
1 |
0 |
|a Alice in wonderland /
|c Lewis Carroll.
|
| 250 |
|
|
|a Revised edition.
|
| 260 |
|
|
|a Delhi :
|b North-South Books,
|c 1993. [Reprinted 2000].
|
| 300 |
|
|
|a 90 pages :
|b col. illustrations ;
|c 23 cm.
|
| 500 |
|
|
|a "A Michael Neugebauer book."
|
| 520 |
|
|
|a A little girl falls down a rabbit hole and discovers a world of nonsensical and amusing characters.
|
| 541 |
1 |
|
|e 00010007
|
| 650 |
|
1 |
|a Fantasy.
|
| 700 |
1 |
|
|a Zwerger, Lisbeth,
|e ill.
|9 60067
|
| 852 |
4 |
|
|a Ayesha Abed Library
|j General shelf
|
| 942 |
|
|
|2 ddc
|c BK
|
| 999 |
|
|
|c 1957
|d 1957
|
| 952 |
|
|
|0 0
|1 0
|2 ddc
|4 0
|6 813_087600000000000_CAR_2000
|7 0
|9 1796
|a BRACUL
|b BRACUL
|c GEN
|d 2009-07-02
|g 0.00
|l 14
|m 103
|o 813.0876 CAR
|p 3010010007
|r 2025-11-11
|s 2025-11-09
|t 1
|w 2009-07-02
|y BK
|x No price found in the accession register.
|
| 952 |
|
|
|0 0
|1 0
|2 ddc
|4 0
|6 813_087600000000000_CAR_2000
|7 0
|9 8141
|a BRACUL
|b BRACUL
|c GEN
|d 2010-02-15
|l 8
|m 25
|o 813.0876 CAR
|p 3010010005
|q 2026-05-14
|r 2026-05-07
|s 2026-05-07
|t 2
|w 2010-02-15
|y BK
|
| 952 |
|
|
|0 0
|1 0
|2 ddc
|4 0
|6 813_087600000000000_CAR
|7 0
|9 13521
|a BRACUL
|b BRACUL
|c GEN
|d 2010-12-07
|l 6
|m 16
|o 813.0876 CAR
|p 3010010006
|r 2025-12-03
|s 2025-11-09
|t 3
|w 2010-12-07
|y BK
|